000 00461nam a22001811 4500
001 bimo0001144278
003 OSt
005 20140731213002.0
008 930725s1968 sp spa
040 _aSpMaBN
_cBMC
082 _a864.62
100 _98
_aMarías, Julián
_d1914-2005
245 1 3 _aEl intelectual y su mundo
_cJulián Marías
260 0 _aMadrid
_bEspasa-Calpe
_c1968
300 _a156 p.
_c18 cm
490 0 _aAustral
_v1438
942 _2ddc
_cBK
999 _c643
_d643